000 00335nam a2200145Ia 4500
008 240624s9999 xx 000 0 und d
041 _aeng
082 _a003 HOL
100 _aHOLMES ALEX
245 _aHADOOP IN PRACTICE
250 _a(2nd ed.)
260 _c2015
_aNew Delhi
_bWiley
300 _a487 , p. , 28 , cm.
365 _cRS
999 _c29404
_d29404